000 00849nam a22002537a 4500
005 20170123162322.0
010 _aA-848361
020 _c200.00
035 _aA-848361
037 _bCen Lib/Ret
040 _aDPL
_bUR
082 _a840.8
_bب ل ر
100 _aبلراج کومل
_9117508
245 _aتواتر اور تسلسل :
_cبلراج کومل
_bتنقیدی مضامین /
246 _aTawatur aur tasalsul : tanqeedi mazamen /
_bby Balraj Komal
260 _aنیی دہلی
_bادب پبلکشانس
_c1995
270 _bنیی دہلی
300 _a262p.
_c21cm(Hb)
650 _aاردو ادب
_9117509
650 _aاردو تنقیدی مضامین
_9114356
650 _aUrdu literature
_9117510
650 _aUrdu critical artices
_9117511
942 _2ddc
_cUR
_h840.8
_mب ل ر
999 _c107147
_d107147